Normal view MARC view

Entry Nombre personal

Number of records used in: 2

001 - NÚMERO DE CONTROL

  • campo de control: 241218

003 - IDENTIFICADOR DE NÚMERO DE CONTROL

  • campo de control: SpMaBN

005 - FECHA Y HORA DE LA ÚLTIMA TRANSACCIÓN

  • campo de control: 20250703074633.0

008 - ELEMENTOS DE DATO DE LONGITUD-FIJA

  • campo de control de longitud fija: 140428n|#azznnaabn |n aac ##

040 ## - FUENTE DE CATALOGACIÓN

  • Centro catalogador/agencia de origen: SpMaBN
  • Lengua de catalogación: spa
  • Centro/agencia transcriptor: SpMaBN
  • Normas de descripción: rdc
  • Convención/Normas de encabezamiento de materia/tesauro: embne

100 1# - ENCABEZAMIENTO-NOMBRE DE PERSONA

  • Nombre de persona: Janet-Lange,
  • Fechas asociadas al nombre: 1815-1872

400 1# - TRAZADO DE VÉASE--NOMBRE DE PERSONA

  • Nombre de persona: Janet, Ange-Louis
  • Fechas asociadas al nombre: 1815-1872

670 ## - FUENTE DE DATOS ENCONTRADOS

  • Cita de la fuente: La Hongrie ancienne et moderne, 1851
  • Información encontrada: (par une société de littérateurs sous la direction de M. J. Boldenyi ; dessinateurs, Janet-Lange, V. Beaucè, E. Breton, Catenacci, De Bar, Freeman ; graveurs, Trichon ... [et. al.])